000 00676nam a2200229 a 4500
999 _c2324
_d2324
001 2324
003 BD-JhCC
005 20171220123515.0
008 171101s2001 bg |||| |||| 000 0 ben d
020 _a9841315017
035 _a(BD-JhCC)2324
040 _aBD-JhCC
_dBD-JhCC
041 _aben
082 _a891.443
_bKHA 2001
100 _aখান, হেলেনা
245 _aআত্মজ ও মুক্তিযুদ্ধ /
_c হেলেনা খান
260 _aঢাকা :
_bমুক্তধারা,
_c২০০১.
300 _a১২৭ পৃ. :
_c২১ সেমি.
650 _aBengali Novel
942 _2ddc
_cBK